دستخط / (Record no. 107941)

MARC details
000 -LEADER
fixed length control field 00714nam a22002537a 4500
005 - DATE AND TIME OF LATEST TRANSACTION
control field 20170123162333.0
010 ## - LIBRARY OF CONGRESS CONTROL NUMBER
LC control number A-794568
020 ## - INTERNATIONAL STANDARD BOOK NUMBER
Terms of availability 160.00
035 ## - SYSTEM CONTROL NUMBER
System control number A-794568
037 ## - SOURCE OF ACQUISITION
Source of stock number/acquisition Cen Lib/Ret
040 ## - CATALOGING SOURCE
Original cataloging agency DPL
Language of cataloging UR
082 ## - DEWEY DECIMAL CLASSIFICATION NUMBER
Classification number ک
Item number گ ل ز
100 ## - MAIN ENTRY--PERSONAL NAME
Personal name گلزار
9 (RLIN) 108197
245 ## - TITLE STATEMENT
Title دستخط /
Statement of responsibility, etc گلزار
246 ## - VARYING FORM OF TITLE
Title proper/short title dastkhat /
Remainder of title by Gulzar
260 ## - PUBLICATION, DISTRIBUTION, ETC. (IMPRINT)
Place of publication, distribution, etc لاہور
Name of publisher, distributor, etc اساطیر پبلشرز
Date of publication, distribution, etc 1995
270 ## - ADDRESS
Address مزنگ روڈ
City لاہور
300 ## - PHYSICAL DESCRIPTION
Extent 247p.
Dimensions 21cm(Hb)
650 ## - SUBJECT ADDED ENTRY--TOPICAL TERM
Topical term or geographic name as entry element ادب - اردو
9 (RLIN) 122723
650 ## - SUBJECT ADDED ENTRY--TOPICAL TERM
Topical term or geographic name as entry element اردو کہانیاں
9 (RLIN) 122724
650 ## - SUBJECT ADDED ENTRY--TOPICAL TERM
Topical term or geographic name as entry element Literature -- Urdu
9 (RLIN) 122725
650 ## - SUBJECT ADDED ENTRY--TOPICAL TERM
Topical term or geographic name as entry element Urdu stories
9 (RLIN) 122726
942 ## - ADDED ENTRY ELEMENTS (KOHA)
Source of classification or shelving scheme Dewey Decimal Classification
Koha item type Urdu Bks
Classification part ک
Call number suffix گ ل ز
Holdings
Withdrawn status Lost status Damaged status Not for loan Home library Current library Date acquired Source of acquisition Cost, normal purchase price Total Checkouts Full call number Barcode Date last seen Copy number Cost, replacement price Price effective from Koha item type
        Central Library Central Library 13/01/2016 Cen Lib/Ret 160.00   ک گ ل ز A-794568 13/01/2016 1 160.00 13/01/2016 Urdu Bks

© Delhi Public Library
Hit Counter
free hit counter